00725nam a2200169Ia 4500001001100000003000500011008004100016010001100057040000900068100003700077245019300114260003400307300002200341502010500363700003700468710005000505Para_10119CHAP220125sSept xx 000 0 und d a208811 cCHAP aHernández Epigmenio, Francisca aEvaluación de trampas y atrayentes para el monitoreo de Rhagoletis pomonella Walsh. en tejocote en Chapingo, México /c Francisca Hernández Epigmenio; Director Víctor Manuel Pinto aChapingo, Méx. :b el autor a1 CDS ROM (49 p.) aTesis (Ing. Agr. Esp. en Parasitología Agrícola). UACh. Departamento Parasitología Agrícola aPinto, Víctor Manuel. Director aUACh. Departamento Parasitología Agrícola